| 000 | 00712nam a2200265 i 4500 | ||
|---|---|---|---|
| 001 | 12522 | ||
| 003 | ES-MaACL | ||
| 005 | 20230906150331.0 | ||
| 007 | t| | ||
| 008 | 961126s1996 sp ||||0| spa j | ||
| 020 | _a84-313-1431-1 | ||
| 040 |
_aM-BN _bspa _cM-BN |
||
| 080 | _a316.752"19" | ||
| 080 | _a172 | ||
| 100 | 1 |
_aSoria, Carlos. _9107346 |
|
| 245 | 1 | 0 |
_aElogio de la intolerancia / _cCarlos Soria. |
| 260 |
_aPamplona : _bEUNSA, _c[1996] |
||
| 300 |
_a133 p ; _c18 cm. |
||
| 490 | 1 | _aNT comunicación | |
| 650 | 1 | 4 |
_aValores sociales- _yS.XX. _917735 |
| 650 | 1 | 4 |
_aSolidaridad. _917226 |
| 830 | 0 |
_aNT comunicación _9179469 |
|
| 852 |
_aES-MaACL _jL-19810 _bR.126203 |
||
| 999 |
_c12522 _d12522 |
||